000 00289nam a2200133Ia 4500
008 090124s9999 xx 000 0 und d
082 _b200735
245 _aBARA PANI
250 _a0
260 _bMAJUMDAR LILA
_c1972
630 _aBARA PANI
730 _aBARA PANI
942 _cBOOK
999 _c182303
_d182303